Do You Even Drive in Seattle? - Statistics

General Stats
  • This quiz has been taken 87 times
  • The average score is 11 of 14
Answer Stats
Question Answer % Correct
What's the fastest way to get from Seattle to Bellevue? I-90
100%
There is horrible traffic on Montlake Blvd. Why? Huskies Game
92%
Which building does I-5 pass underneath? The Convention Center
92%
Which bridge is furthest East? Montlake Bridge
83%
According to stereotype, Seattle drivers are known as ... Overly slow and cautious
83%
Which road would you most want to avoid on an icy day? Queen Anne Ave
83%
Which downtown avenue is supposedly reserved for busses from 6AM–7PM? 3rd Ave
75%
What's another name for State Route 99? Aurora
75%
Which city is NOT on Route 2? Black Diamond
75%
On which road are you most likely to be irritated by a slow bicyclist? Lake Washington Blvd
75%
What neighborhood does NW Market St pass through? Ballard
67%
Which road passes near Boeing Field? E Marginal Way S
67%
What's the main street of Columbia City? Rainier Ave
67%
Where do Broadway and Pike intersect? Capitol Hill
50%
No matching quizzes found
Score Distribution
Percent of People with Each Score
Percentile by Number Answered
Your Score History
You have not taken this quiz